Sports Quiz

Random Sports or Soccer Quiz

Premier League squad numbers 2010/11 Quiz Stats

 Plays Quiz not verified by Sporcle

Challenge
Share
Tweet
Embed
Score 0/20 Timer 05:00
0 Plays Today
Club (number) Player % Correct
Manchester City (#45)Mario Balotelli
78.5%
Tottenham Hotspur (#3)Gareth Bale
73%
Manchester United (#15)Nemanja Vidic
70.4%
Chelsea (#33)Alex
65.3%
Liverpool (#37)Martin Skrtel
63.5%
Stoke City (#1)Asmir Begovic
61.3%
Bolton Wanderers (#14)Kevin Davies
58%
Newcastle United (#2)Fabricio Coloccini
51.8%
Birmingham City (#9)Kevin Phillips
48.9%
Wolverhampton Wanderers (#8)Karl Henry
48.5%
Club (number) Player % Correct
Wigan Athletic (#20)Hugo Rodallega
43.1%
Blackburn Rovers (#7)Brett Emerton
41.2%
Arsenal (#20)Johan Djourou
40.1%
Aston Villa (#4)Steve Sidwell
32.5%
Blackpool (#10)Brett Ormerod
29.2%
Sunderland (#7)Bolo Zenden
25.9%
West Bromwich Albion (#17)Graham Dorrans
24.8%
Everton (#16)Jermaine Beckford
21.2%
West Ham United (#4)Daniel Gabbidon
21.2%
Fulham (#12)David Stockdale
13.5%

You're not logged in!

Compare scores with friends on all Sporcle quizzes.
Join for Free
OR
Log In

You Might Also Like...

Show Comments

Extras

Top Quizzes Today


Score Distribution

Your Account Isn't Verified!

In order to create a playlist on Sporcle, you need to verify the email address you used during registration. Go to your Sporcle Settings to finish the process.

Report this User

Report this user for behavior that violates our Community Guidelines.

Details: